000 00828nam a2200265Ia 4500
003 OSt
005 20220930072544.0
006 a|||||r|||| 00| 0
007 ta
008 220926b |||||||| |||| 00| 0 eng d
024 _a24587
037 _cTheses
040 _aCRL
_cCRL
_beng
041 _2eng
_aeng
100 _aSolanki Ranvir Singh
_9530031
110 _aUniversity of Delhi. Faculty of Medical Sciences. Department of Surgery
245 0 _aRole of nerve conduction studies in peripheral nerve injuries
260 _c1997
300 _a64p.
_ap.
_ccm.
650 _aSURGERY
700 _a Dr S K Verma Supervisor
_9530032
700 _aUniversity of Delhi. Faculty of Medical Sciences. Department of Surgery
942 _cDIS
_2CC
999 _c864044
_d864044